|
|
|
|
| LEADER |
00000cam a2200000 a 4500 |
| 001 |
UCD1579 |
| 003 |
CL-VaPUC |
| 008 |
160316e19940000mx |||||||||||||||||spa|d |
| 020 |
|
|
|a 9789682443008
|
| 082 |
0 |
4 |
|a 658.404
|b BUR
|2 21
|
| 100 |
0 |
|
|a Burstein, David
|e author
|9 584680
|
| 700 |
0 |
|
|a Stasiowski, Frank
|e author
|9 584681
|
| 245 |
1 |
0 |
|a Administración de proyectos: guía para arquitectos e ingenieros civiles
|
| 250 |
|
|
|a 1a. ed
|
| 300 |
|
|
|a 185 p
|
| 942 |
|
|
|c BK
|
| 945 |
|
|
|d 20160316 17:23:00
|a dcastane
|
| 260 |
|
|
|a Cuernavaca
|b Trillas
|c 1994
|
| 650 |
|
0 |
|a Gestión de proyectos
|9 260970
|
| 650 |
|
0 |
|a Planificación estratégica
|9 259735
|
| 583 |
|
|
|a last modification
|c 20170510 01:25:15
|k Rodrigo Vera
|
| 999 |
|
|
|c 362853
|d 362851
|
| 952 |
|
|
|0 0
|1 0
|2 ddc
|3 erb
|4 0
|6 658_404000000000000_BUR_1994
|7 0
|8 A
|9 474383
|a BIBING
|b BIBING
|c RES
|i 5267110
|o 658.404 BUR 1994
|p 5267110
|r 2025-01-20
|w 2019-11-24
|y BK
|z Catalogado en:20160316
|k CIC
|
| 952 |
|
|
|0 0
|1 0
|2 ddc
|3 erb
|4 0
|6 658_404000000000000_BUR_1994
|7 0
|8 A
|9 474384
|a BIBING
|b BIBING
|c RES
|i 5267102
|o 658.404 BUR 1994
|p 5267102
|r 2025-01-20
|w 2019-11-24
|y BK
|z Catalogado en:20160316
|k CIC
|